000 00519nam a2200181Ia 4500
005 20250326141017.0
008 250326s9999 xx 000 0 und d
037 _aTextbook
040 _aFMSL
_beng
_cFMSL
041 _aeng
_2eng
084 _aX:51 P0
_qFMSL
100 _aHorovitz Jacques
_9743535
245 0 _aSeven secrets of service strategy
_cHorovitz Jacques
260 _aLondon
_bLondon, Pearson Education ltd.
_c2000
300 _axiv,140
942 _cTB
_hX:51 P0
999 _c1288284
_d1288284